Statistics for Most Guessed Countries and Capitals on JetPunk

Click here to take the quiz!

General Stats

  • This quiz has been taken 147 times
    (59 since last reset)
  • The average score is 17 of 20

Answer Stats

%Country / Capital% Correct
97United States
96%
96Mexico City
96%
95Mexico
96%
96London
93%
96Russia
93%
94Brazil
91%
96Paris
91%
95China
89%
94United Kingdom
89%
97Washington D.C.
89%
94France
89%
93Rome
86%
94Italy
84%
93Spain
84%
94Australia
84%
96Canada
84%
95Madrid
82%
95Moscow
77%
94Berlin
61%
93Dublin
29%

Score Distribution

Percentile by Number Answered

Percent of People with Each Score

Your Score History

You have not taken this quiz since the last reset